| 000 | 01674nam a22004094a 4500 | ||
|---|---|---|---|
| 001 | ebr10155131 | ||
| 003 | CaPaEBR | ||
| 006 | m u | ||
| 007 | cr cn||||||||| | ||
| 008 | 050823s2006 nyua sb 001 0 eng | ||
| 010 | _z 2005053525 | ||
| 020 | _z140397165X | ||
| 040 |
_aCaPaEBR _cCaPaEBR |
||
| 035 | _a(OCoLC)560246422 | ||
| 043 | _an-us--- | ||
| 050 | 1 | 4 |
_aHQ1090.3 _b.R44 2006eb |
| 082 | 0 | 4 |
_a305.31097309/034 _222 |
| 100 | 1 | _aReel, Guy. | |
| 245 | 1 | 4 |
_aThe National police gazette and the making of the modern American man, 1879-1906 _h[electronic resource] / _cGuy Reel. |
| 250 | _a1st ed. | ||
| 260 |
_aNew York : _bPalgrave Macmillan, _c2006. |
||
| 300 |
_a251 p. : _bill. |
||
| 500 | _aRevision of thesis (doctoral), Ohio University. | ||
| 504 | _aIncludes bibliographical references (p. [235]-244) and index. | ||
| 533 |
_aElectronic reproduction. _bPalo Alto, Calif. : _cebrary, _d2013. _nAvailable via World Wide Web. _nAccess may be limited to ebrary affiliated libraries. |
||
| 630 | 0 | 0 | _aNational police gazette (New York, N.Y.) |
| 650 | 0 |
_aMasculinity _zUnited States _xHistory. |
|
| 650 | 0 |
_aSex role _zUnited States _xHistory. |
|
| 650 | 0 |
_aSensationalism in journalism _zUnited States _xHistory. |
|
| 650 | 0 |
_aCrime and the press _zUnited States _xHistory. |
|
| 650 | 0 |
_aSports _zUnited States _xHistory. |
|
| 650 | 0 |
_aSex _xPress coverage _zUnited States _xHistory. |
|
| 650 | 0 |
_aSports journalism _zUnited States _xHistory. |
|
| 655 | 7 |
_aElectronic books. _2local |
|
| 710 | 2 | _aebrary, Inc. | |
| 856 | 4 | 0 |
_uhttp://site.ebrary.com/lib/rucke/Doc?id=10155131 _zAn electronic book accessible through the World Wide Web; click to view |
| 999 |
_c93520 _d93520 |
||